Suomen 100 yleisintä järven nimeä - Statistics

Yleistilastot
  • Tätä visaa on pelattu 240 kertaa
    219 viimeisimmän päivityksen jälkeen
  • Keskiarvotulos 41 / 100
Vastaustilastot
Määrä Nimi % Oikein
110 Haukijärvi
79%
416 Haukilampi
79%
148 Ahvenjärvi
76%
422 Ahvenlampi
76%
196 Kivijärvi
73%
161 Kivilampi
73%
237 Särkijärvi
71%
283 Särkilampi
71%
119 Syväjärvi
68%
124 Syvälampi
68%
112 Pikkulampi
66%
70 Suojärvi
65%
161 Suolampi
65%
92 Mustajärvi
64%
551 Mustalampi
64%
63 Mäntylampi
62%
66 Haapalampi
59%
140 Kalliojärvi
59%
174 Kalliolampi
59%
211 Pitkäjärvi
57%
232 Pitkälampi
57%
91 Valkjärvi
57%
68 Hirvijärvi
54%
82 Hirvilampi
54%
79 Karhulampi
54%
82 Vääräjärvi
50%
73 Väärälampi
50%
76 Heinäjärvi
49%
257 Heinälampi
49%
70 Korpilampi
49%
69 Viitalampi
49%
339 Likolampi
48%
108 Paskalampi
48%
84 Valkeajärvi
48%
171 Valkealampi
48%
62 Hietajärvi
47%
240 Saarijärvi
46%
171 Saarilampi
46%
70 Välilampi
45%
74 Pajulampi
43%
314 Paskolampi
43%
132 Kalaton
41%
67 Kalatonlampi
41%
189 Koiralampi
41%
72 Kotilampi
41%
66 Kurkilampi
41%
136 Salmijärvi
41%
113 Salmilampi
41%
123 Rajalampi
40%
114 Vähäjärvi
40%
117 Kotajärvi
39%
87 Kotalampi
39%
233 Pahalampi
39%
72 Kortejärvi
38%
165 Kortelampi
38%
76 Onkilampi
38%
255 Valkeinen
38%
174 Hepolampi
37%
85 Jokilampi
37%
65 Kaitajärvi
37%
69 Katajalampi
37%
154 Riihilampi
37%
316 Kuikkalampi
36%
80 Tervajärvi
36%
248 Tervalampi
36%
158 Kaakkurilampi
35%
133 Palolampi
35%
142 Matolampi
34%
172 Myllylampi
33%
259 Sammakkolampi
33%
193 Kangaslampi
31%
179 Lehmilampi
31%
68 Valkialampi
31%
63 Vuorijärvi
31%
74 Vuorilampi
31%
106 Honkalampi
30%
68 Lummelampi
30%
98 Hoikkalampi
29%
82 Nimetönlampi
29%
67 Peuralampi
28%
81 Saunalampi
28%
64 Valkeislampi
28%
81 Lehtolampi
27%
124 Joutenlampi
26%
102 Ruunalampi
26%
82 Teerilampi
26%
82 Ukonlampi
26%
102 Levälampi
25%
107 Pirttijärvi
24%
101 Pirttilampi
24%
138 Kaakkolampi
22%
64 Soidinlampi
19%
63 Lauttalampi
11%
240 Umpilampi
11%
205 Hanhilampi
5%
160 Vehkalampi
3%
83 Rytilampi
2%
78 Kaivoslampi
1%
63 Latvalampi
0%
114 Löytölampi
0%
Ehtoja vastaavia visoja ei löytynyt
Tulosjakauma
Jokaisen tuloksen saaneiden osuus
Persentiili vastausten määrän mukaan
Tuloshistoriasi
Et ole pelannut tätä visaa sen viimeisimmän päivityksen jälkeen